000
00291nam a22001337a 4500
008
170511b xxu||||| |||| 00| 0 eng d
020
_a
9780558169657
041
_a
eng
080
_a
342
100
_a
15
101
_a
SHJ
245
_a
JUSTICE ADMINISTRATION
_c
PEAK.K.J
942
_2
udc
_c
BK
999
_c
13220
_d
13220